ইসলামী আইনত্ত্বের বিকাশ ও পরিচিতি / (Record no. 38014)
[ view plain ]
| 000 -LEADER | |
|---|---|
| fixed length control field | 01125nam a22002897a 4500 |
| 001 - CONTROL NUMBER | |
| control field | 38014 |
| 003 - CONTROL NUMBER IDENTIFIER | |
| rucl marc code | BD-RjUL |
| 005 - DATE AND TIME OF LATEST TRANSACTION | |
| control field | 20211209052715.0 |
| 008 - FIXED-LENGTH DATA ELEMENTS--GENERAL INFORMATION | |
| fixed length control field | 150827s1981 bg 001 0 beno |
| 035 ## - SYSTEM CONTROL NUMBER | |
| System control number | (BD-RjUL)38119 |
| 040 ## - CATALOGING SOURCE | |
| Original cataloging agency | DLC |
| Transcribing agency | DLC |
| Modifying agency | DLC |
| Language of cataloging | eng |
| 041 ## - LANGUAGE CODE | |
| Language code of text/sound track or separate title | eng |
| 082 ## - DEWEY DECIMAL CLASSIFICATION NUMBER | |
| Classification number | 340.59 |
| Author mark and year | RAI 1981 |
| 100 0# - MAIN ENTRY--PERSONAL NAME | |
| Personal name | রহমান, গাজী শামছুর |
| Dates associated with a name | ১৯২১- |
| 9 (RLIN) | 117740 |
| 245 10 - TITLE STATEMENT | |
| Title | ইসলামী আইনত্ত্বের বিকাশ ও পরিচিতি / |
| Statement of responsibility, etc. | Gājī Śāmachura Rahamāna. |
| 260 ## - PUBLICATION, DISTRIBUTION, ETC. (IMPRINT) | |
| Place of publication, distribution, etc. | ঢাকা : |
| Name of publisher, distributor, etc. | ইসলামিক ফাউন্ডেশন বাংলাদেশ, |
| Date of publication, distribution, etc. | ১৯৮১. |
| 300 ## - PHYSICAL DESCRIPTION | |
| Pagination | ২২, ২৪২ পৃ. ; |
| Size | ২২ সেমি. |
| 490 1# - SERIES STATEMENT | |
| Series statement | ই. ফা. প্রকাশনা ; |
| Volume/sequential designation | ৯৮৯ |
| 500 ## - GENERAL NOTE | |
| General note | গ্রন্থপঞ্জী সংযুক্ত । |
| 650 ## - SUBJECT ADDED ENTRY--TOPICAL TERM | |
| Topical term or geographic name as entry element | ইসলামী আইন |
| 9 (RLIN) | 117741 |
| Topical term or geographic name as entry element | Islamic law. |
| 9 (RLIN) | 117742 |
| Topical term or geographic name as entry element | Jurisprudence. |
| 9 (RLIN) | 117743 |
| 830 #0 - SERIES ADDED ENTRY--UNIFORM TITLE | |
| Uniform title | I.F. publication ; |
| Volume number/sequential designation | no. 989. |
| 942 ## - ADDED ENTRY ELEMENTS (KOHA) | |
| Source of classification or shelving scheme | Dewey Decimal Classification |
| Koha item type | Books |
| Lost status | Source of classification or shelving scheme | Damaged status | Not for loan | Collection code | Permanent Location | Current Location | Shelving location | Date acquired | Source of acquisition | Total Checkouts | Full call number | Date last seen | Copy number | Koha item type |
|---|---|---|---|---|---|---|---|---|---|---|---|---|---|---|
| Dewey Decimal Classification | Non-fiction | Central Library, University of Rajshahi | Central Library, University of Rajshahi | 03/11/1983 | ইসলামী সাং. কে. রাজ: অনুদান | B 340.59 RAI 1981 | 27/08/2015 | C-2 | Books |